| 000 | 00900nam a2200277 a 4500 | ||
|---|---|---|---|
| 001 | 37909 | ||
| 003 | BD-RjUL | ||
| 005 | 20211209052703.0 | ||
| 008 | 150810s1972 njua b 001 0 eng | ||
| 035 | _a(BD-RjUL)38014 | ||
| 040 |
_aDLC _cDLC _dDLC _dBD-RjUL _beng |
||
| 041 | _aeng | ||
| 082 | 0 | 0 |
_a658.1511 _223 _bHOC 1972 |
| 100 | 1 |
_aHorngren, Charles T., _d1926- _9117439 |
|
| 245 | 1 | 0 |
_aCost accounting : _ba managerial emphasis / _c[by] Charles T. Horngren. |
| 250 | _a3d ed. | ||
| 260 |
_aEnglewood Cliffs, N.J. : _bPrentice-Hall, _c1972. |
||
| 300 |
_axxi, 963 p. : _bill. ; _c25 cm. |
||
| 350 | _a$17.25 | ||
| 504 | _a"List of N.A.A. [National Association of Accountants] research publications": p. 933-934. | ||
| 504 | _aIncludes bibliographical references. | ||
| 650 | 0 |
_aManagerial accounting. _9117441 |
|
| 942 |
_2ddc _cBK |
||
| 999 |
_c37909 _d37909 |
||